| 000 | 01496nam a22002177a 4500 | ||
|---|---|---|---|
| 008 | 150914b xxu||||| |||| 00| 0 eng d | ||
| 020 | _a9789968530187 | ||
| 082 |
_a708.972.86 _bM986m |
||
| 100 |
_aFundación Museos Banco Central _93583 |
||
| 245 |
_aMuseos del Banco Central : _bsus tesoros _cFundación Museos Banco Central |
||
| 260 |
_aSan José : _bFundación Museos Banco Central _c2014 |
||
| 300 |
_a153p. _bill. (col.) _c28 cm |
||
| 505 |
_t1. Plaza de la Cultura -Museos del Banco Central: arquitectura, ingeniería y urbanismo de un anhelo = Plaza de la Cultura-Museums of the Central Bank: The Architecture, Engineering and Urban Planning of a Wish. _t2. Las colecciones del MBCCR: La Colección de Arqueología = The Central Bank Museums Collections: The Archaeological Collection _t 3. Las colecciones del MBCCR: La Colección Numismática = The Central Bank Museums Collections: The Numismatic Collection _t 4. Las colecciones del MBCCR: La Colección de Artes Visuales = The Central Bank Museums Collections: The Visual Arts Collection _t5. Aporte cultural del Banco Central de Costa Rica = Cultura Contributions of the Central Bank of Costa Rica |
||
| 650 |
_aMuseos de arte _973 |
||
| 650 |
_aBanco Central de Costa Rica _xMuseos _93584 |
||
| 650 |
_aMuseos arqueológicos _93585 |
||
| 650 |
_aNumismática costarricense _93385 |
||
| 650 |
_aMonedas costarricenses _93586 |
||
| 650 |
_aBilletes de Banco _xHistoria _zCosta Rica _93587 |
||
| 650 |
_aArte costarriucense _xColecciones _93588 |
||
| 999 |
_c741 _d741 |
||